000 00911nam a2200277 a 4500
001 000021281
005 20241204114232.0
008 100903s1970 sp a 000 0 spa d
040 _aDO-SdBNP
_bspa
_cBNPHU
041 1 7 _aspa
_heng
_2Código de idiomas MARC
082 _a796.352
_bC877m
100 1 _aCox, Bill.
_d1910-
_944465
240 1 0 _aImprove your golf.
_lEspañol
245 1 0 _aMejore su golf /
_cBill Cox ; traducción Jaime Maceín Sinova.
260 _aMadrid, (España) :
_bEditorial Mediterráneo,
_c1970.
300 _a157 p. :
_bil. ;
_c19 cm.
490 1 _aEdime,
_v69
534 _aTítulo en inglés :
_tImprove your golf
650 0 _aGolf
_912526
650 4 _aJuegos de pelota
_912557
650 0 _aJugadores de golf
_944466
650 4 _aCampo de golf
_xConstrucción y cuidado
_944467
700 1 _aMaceín Sinova, Jaime,
_etr.
_944468
830 0 _aEdime,
_v69
_912783
049 _aBNGR
999 _c20781
_d20781